[Event "Challenge"]
[Site "http://www.queenalice.com/game.php?id=1539366"]
[Date "2018.8.19"]
[Round "-"]
[White "manasses"]
[Black "onfs2"]
[Result "1-0"]
[WhiteElo "2209"]
[BlackElo "2057"]

1. d4 e6 2. c4 Bb4+ 3. Nc3 d5 4. e3 Nf6 5. a3 Bxc3+ 6. bxc3 O-O 7. Nf3 Ne4 8.
Qc2 Nc6 9. Be2 a6 10. O-O Re8 11. Nd2 f5 12. f3 Nxd2 13. Bxd2 Na5 14. cxd5 exd5
15. Rfe1 Nc6 16. Bd3 g6 17. e4 Ne7 18. e5 Nc6 19. c4 Nxd4 20. Qc3 dxc4 21. Bxc4+
Be6 22. Rad1 b5 23. Bxe6+ Nxe6 24. Bc1 Qe7 25. Qc6 Qc5+ 26. Qxc5 Nxc5 27. Bg5
Ne6 28. Bf6 Rf8 29. Rd7 Rf7 30. Red1 Rff8 31. Rc1 c5 32. Rcd1 h5 33. Re7 Rfe8
34. Rdd7 Rxe7 35. Rxe7 Nf4 36. Rc7 c4 37. Kf2 1-0

[Event "Challenge"]
[Site "http://www.queenalice.com/game.php?id=1539695"]
[Date "2018.8.22"]
[Round "-"]
[White "onfs2"]
[Black "tewald"]
[Result "1/2-1/2"]
[WhiteElo "2065"]
[BlackElo "2005"]

1. e4 e6 2. Nf3 d5 3. e5 c5 4. Bb5+ Nc6 5. O-O a6 6. Bxc6+ bxc6 7. d3 Ne7 8. Nc3
Ng6 9. Na4 Be7 10. c3 Qc7 11. Be3 Nxe5 12. Bxc5 Bxc5 13. Nxe5 Bxf2+ 14. Rxf2
Qxe5 15. d4 Qc7 16. Nc5 O-O 17. Qd3 e5 18. dxe5 Qxe5 19. Re2 Qg5 20. Rae1 Bf5
21. Qe3 Qxe3+ 22. Rxe3 h5 23. Re7 a5 24. Rc7 Rfc8 25. Ree7 Rxc7 26. Rxc7 Rc8 27.
Ra7 Rb8 28. b3 g5 29. Rxa5 g4 30. Ra4 Bc2 31. g3 Rb5 32. Nd7 Kg7 33. c4 dxc4 34.
Rxc4 Bb1 35. Rc5 Rxc5 36. Nxc5 Bxa2 37. Kf2 f5 38. Ke3 Kf7 39. Kf4 Kg6 40. b4
Bc4 41. Nd7 Bd5 42. Ne5+ Kf6 43. Nd7+ Kg6 44. Nf8+ Kg7 45. Nd7 Kg6 46. Nb6 Be4
47. Nc4 Kf6 48. Nd6 Bg2 49. Nc8 Bh1 50. Na7 Kg6 51. b5 cxb5 52. Nxb5 Be4 53. Nd4
Kf6 54. Ne2 Kg6 55. Nc3 Bh1 56. Nb5 Bc6 57. Nd6 Bd7 58. Nc4 Be6 59. Ne5+ Kf6 60.
Nd3 1/2-1/2

[Event "Challenge"]
[Site "http://www.queenalice.com/game.php?id=1539696"]
[Date "2018.8.22"]
[Round "-"]
[White "tewald"]
[Black "onfs2"]
[Result "1-0"]
[WhiteElo "1987"]
[BlackElo "2032"]

1. d4 d5 2. Bf4 Nc6 3. e3 h6 4. Nc3 a6 5. h3 g5 6. Bh2 e6 7. Nf3 Bb4 8. Qd3 Nf6
9. O-O-O Bxc3 10. Qxc3 Ne4 11. Qe1 f6 12. Nd2 e5 13. Nxe4 dxe4 14. dxe5 Qe7 15.
exf6 Qxf6 16. Kb1 Bd7 17. Bxc7 Rc8 18. Bb6 Ne5 19. Bd4 Qc6 20. Bxe5 Qxc2+ 21.
Ka1 O-O 22. Bc3 Ba4 23. Rc1 Qxf2 24. Qxf2 Rxf2 25. b3 Bd7 26. Bc4+ Kh7 27. Rcd1
Be8 28. g4 b5 29. Be1 Rf3 30. Be6 Rb8 31. Bf5+ Kg8 32. Bxe4 Rxe3 33. Bd5+ Bf7
34. Bxf7+ Kxf7 35. Rd6 Rc8 36. Kb2 Ra8 37. Rxh6 a5 38. Rc6 b4 39. Bd2 Re2 40.
Rc2 Kg6 41. h4 gxh4 42. Rxh4 Rd8 43. Bc1 Rde8 44. Rh2 R2e6 45. Rh6+ Kg7 46. Rxe6
Rxe6 47. Rc5 Ra6 48. a3 bxa3+ 49. Kxa3 1-0

[Event "Challenge"]
[Site "http://www.queenalice.com/game.php?id=1539699"]
[Date "2018.8.22"]
[Round "-"]
[White "onfs2"]
[Black "carver"]
[Result "1-0"]
[WhiteElo "1997"]
[BlackElo "2071"]

1. e4 e5 2. Nf3 Nc6 3. Bb5 d6 4. d4 a6 5. Bxc6+ bxc6 6. d5 cxd5 7. Qxd5 Rb8 8.
Ng5 Qf6 9. Qc6+ Bd7 10. Qxa6 Bb5 11. Qa7 Qd8 12. Nc3 Ra8 13. Qb7 Ba6 14. Qc6+
Ke7 15. Nd5# 1-0

[Event "Challenge"]
[Site "http://www.queenalice.com/game.php?id=1539700"]
[Date "2018.8.22"]
[Round "-"]
[White "carver"]
[Black "onfs2"]
[Result "0-1"]
[WhiteElo "2032"]
[BlackElo "2053"]

1. d4 d5 2. c4 dxc4 3. Nc3 e6 4. a3 a6 5. a4 Bb4 6. e3 Qd5 7. Bd2 Bxc3 8. Bxc3
Nf6 9. Nf3 Ne4 10. Nd2 Nxd2 11. Bxd2 Nc6 12. Qf3 Qxf3 13. gxf3 Bd7 14. Bxc4 Ne7
15. Rg1 g6 16. Bb4 Nc6 17. Bc3 O-O 18. Ke2 Rfe8 19. b4 Na7 20. Bd3 b5 21. a5 Bc6
22. Be4 Bd5 23. Rac1 f5 24. Bxd5 exd5 25. Bd2 c6 26. f4 Rac8 27. f3 Rc7 28. Rc2
Nc8 29. Be1 Nd6 30. Bh4 Nc4 31. Rc3 Kf7 32. Rg3 c5 33. bxc5 Nb2 34. Rc2 Nc4 35.
Rc3 Nxa5 36. Rg1 Nc6 37. Kd2 b4 38. Rb3 a5 39. Ra1 Ra7 40. Ra4 Rg8 41. Be1 h6
42. h4 g5 43. fxg5 hxg5 44. hxg5 Rxg5 45. f4 Rg2+ 46. Kd3 Rb7 47. Bd2 Rg3 48.
Ra1 Kg7 49. Be1 Rg1 50. Ke2 Re7 51. Kf2 Rh1 52. Kg2 Rh6 53. Kf3 Kf6 54. Bg3 Rg7
55. Rg1 a4 56. Rb2 b3 57. Rbg2 Rh3 58. Kf2 Rhh7 59. Bh4+ Kf7 60. Bg5 b2 61. Kf3
a3 62. Kg3 Ke6 63. Kf3 Rh3+ 0-1

[Event "Challenge"]
[Site "http://www.queenalice.com/game.php?id=1539701"]
[Date "2018.8.22"]
[Round "-"]
[White "onfs2"]
[Black "josekasparov"]
[Result "0-1"]
[WhiteElo "2011"]
[BlackElo "2409"]

1. e4 c5 2. Nc3 g6 3. d4 Bg7 4. d5 d6 5. Bb5+ Nd7 6. Nge2 a6 7. Bxd7+ Bxd7 8.
O-O b5 9. Ng3 Nf6 10. Re1 O-O 11. a3 a5 12. h3 b4 13. Nce2 Bb5 14. a4 Ba6 15. b3
Nxe4 16. Ra2 Nc3 17. Nxc3 Bxc3 18. Re4 c4 19. Bh6 Re8 20. Qf3 Rc8 21. Nf5 gxf5
22. Qxf5 e6 23. Rg4+ Kh8 24. Qxf7 Rc7 25. Qf3 Qf6 26. Qxf6+ Bxf6 27. Re4 Be5 28.
f4 exd5 29. Re1 Bd4+ 30. Kf1 cxb3+ 0-1

[Event "Challenge"]
[Site "http://www.queenalice.com/game.php?id=1539702"]
[Date "2018.8.22"]
[Round "-"]
[White "josekasparov"]
[Black "onfs2"]
[Result "1-0"]
[WhiteElo "2419"]
[BlackElo "2034"]

1. d4 d5 2. c4 dxc4 3. Nf3 b5 4. a4 c6 5. axb5 cxb5 6. b3 e6 7. e3 Bb4+ 8. Bd2
Nc6 9. bxc4 bxc4 10. Bxb4 Nxb4 11. Qa4+ Bd7 12. Qxb4 a6 13. Bxc4 Rb8 14. Qa3 Bb5
15. Nbd2 Nf6 16. O-O Qe7 17. Rfb1 Qxa3 18. Rxa3 O-O 19. Rab3 Rb6 20. Bxb5 axb5
21. Rxb5 Rxb5 22. Rxb5 Rc8 23. Kf1 Nd5 24. Rc5 Ra8 25. Ke2 f6 26. g3 g5 27. e4
Ne7 28. Rc7 Kf7 29. Nc4 Ra6 30. d5 Ke8 31. d6 Nc6 32. Ke3 Kd8 33. Nd4 Nxd4 34.
Kxd4 Rxd6+ 35. Nxd6 Kxc7 36. Ne8+ Kd8 37. Nxf6 h5 38. Nxh5 1-0

[Event "Challenge"]
[Site "http://www.queenalice.com/game.php?id=1539744"]
[Date "2018.8.22"]
[Round "-"]
[White "onfs2"]
[Black "pizzaiolo72"]
[Result "0-1"]
[WhiteElo "2009"]
[BlackElo "2100"]

1. e4 Nf6 2. e5 Nd5 3. d4 d6 4. c4 Nb6 5. Nf3 Bg4 6. Be2 dxe5 7. c5 N6d7 8. h3
Bh5 9. dxe5 Nxc5 10. Qxd8+ Kxd8 11. Ng5 Bxe2 12. Nxf7+ Ke8 13. Nxh8 Bc4 14. f4
Nd3+ 15. Kd2 Nc6 16. Kc3 b5 17. b3 Nxc1 18. Rxc1 Bd5 19. Kb2 Bxg2 20. Nd2 g5 21.
e6 Bg7+ 22. Kb1 Bxh8 23. Rxc6 Bxc6 24. a4 Bxa1 25. Kxa1 Rd8 26. axb5 Rxd2 27.
bxc6 gxf4 0-1

[Event "Challenge"]
[Site "http://www.queenalice.com/game.php?id=1539745"]
[Date "2018.8.22"]
[Round "-"]
[White "pizzaiolo72"]
[Black "onfs2"]
[Result "0-1"]
[WhiteElo "2109"]
[BlackElo "2014"]

1. e4 e5 2. Nf3 d6 3. d4 f6 4. dxe5 fxe5 5. Bc4 h6 6. Nc3 Nf6 7. h3 a6 8. Nh2 b5
9. Bb3 b4 10. Nd5 Be6 11. Nxf6+ Qxf6 12. Bxe6 Qxe6 13. Qd5 Qxd5 14. exd5 Nd7 15.
c3 a5 16. O-O Be7 17. f4 exf4 18. Bxf4 Nb6 19. Rad1 O-O 20. Ng4 h5 21. Ne3 Rf7
22. Rd3 Nd7 23. cxb4 axb4 24. a3 bxa3 25. Rxa3 Raf8 26. Bg3 Rxf1+ 27. Nxf1 h4
28. Bh2 Bf6 29. Ra4 g5 30. g3 Nc5 31. Rg4 hxg3 32. Bxg3 Kf7 33. h4 gxh4 34. Bxh4
Bxh4 35. Rxh4 Rg8+ 36. Kh2 Nd3 37. b3 Ne5 38. Ne3 Nf3+ 39. Kh3 Nxh4 40. Kxh4 Rb8
0-1

[Event "Challenge"]
[Site "http://www.queenalice.com/game.php?id=1539984"]
[Date "2018.8.24"]
[Round "-"]
[White "onfs2"]
[Black "VictorArruda"]
[Result "0-1"]
[WhiteElo "2009"]
[BlackElo "2015"]

1. e4 e5 2. Bc4 Nf6 3. Nc3 d6 4. Nf3 Nc6 5. Bb5 Bd7 6. d3 Be7 7. Bg5 O-O 8. Bxf6
Bxf6 9. Qd2 h6 10. Nd5 Be7 11. h3 a6 12. Bxc6 Bxc6 13. Nxe7+ Qxe7 14. g3 Kh7 15.
Nh4 f5 16. O-O-O fxe4 17. dxe4 Bxe4 18. Rhf1 g5 19. f3 Bg6 20. Ng2 Rf7 21. Qd5
Rb8 22. Rde1 b6 23. h4 Rbf8 24. Re3 Qf6 25. hxg5 Qxg5 26. Nh4 Qxe3+ 0-1

[Event "Challenge"]
[Site "http://www.queenalice.com/game.php?id=1539985"]
[Date "2018.8.24"]
[Round "-"]
[White "VictorArruda"]
[Black "onfs2"]
[Result "0-1"]
[WhiteElo "2040"]
[BlackElo "2042"]

1. d4 d5 2. c4 Nf6 3. e3 e6 4. cxd5 exd5 5. Nf3 Bb4+ 6. Bd2 a5 7. Be2 Ne4 8.
Bxb4 axb4 9. O-O Nd7 10. Qb3 Ndf6 11. Qxb4 c6 12. Nc3 Qd6 13. Qxd6 Nxd6 14. Rfc1
Bg4 15. a3 Nfe4 16. Kf1 Nxc3 17. bxc3 Ne4 18. h3 Bxf3 19. Bxf3 Nd2+ 20. Ke2 Nb3
21. Rcb1 Nxa1 22. Rxa1 O-O 23. Kd3 f5 24. c4 Rfd8 25. cxd5 cxd5 26. a4 Ra5 27.
Ra3 b5 28. Bd1 Rb8 29. Bb3 bxa4 30. Bc2 Kf7 31. Rxa4 Rxa4 32. Bxa4 Rb2 33. Bc6
Ke6 34. g4 fxg4 35. hxg4 Rxf2 36. e4 dxe4+ 37. Bxe4 Rh2 38. Bf5+ Kd6 39. Ke4 Rh4
40. Kf4 g6 41. Be4 Rh2 42. Kg5 Rd2 43. d5 Ke5 44. Bf3 Rf2 45. Bd1 Kxd5 46. Bb3+
Ke5 47. Bg8 Rh2 48. Bf7 Rg2 49. Be8 Ke6 50. Bc6 Rc2 51. Be4 Rc7 52. Kh6 Rc4 53.
Bf3 Rc3 54. Be2 Rh3+ 55. Kg5 Kf7 56. Bc4+ Kg7 57. Bd5 h5 58. Be4 hxg4 59. Kxg4
Rh5 60. Kg3 g5 61. Kg4 Kh6 62. Bf3 Rh4+ 63. Kg3 Kg6 64. Be2 Rd4 65. Bb5 g4 66.
Be2 Kg5 67. Bf1 Re4 68. Bd3 Re3+ 69. Kg2 Rxd3 0-1

[Event "Challenge"]
[Site "http://www.queenalice.com/game.php?id=1539988"]
[Date "2018.8.24"]
[Round "-"]
[White "onfs2"]
[Black "Tonto"]
[Result "1-0"]
[WhiteElo "1993"]
[BlackElo "1948"]

1. e4 e5 2. Bc4 h6 3. Nf3 d6 4. Nc3 Nf6 5. d3 a6 6. a4 c6 7. O-O Be7 8. a5 Nbd7
9. b4 b5 10. axb6 Nxb6 11. Bb3 Bb7 12. Nh4 g6 13. Qf3 d5 14. Na2 dxe4 15. dxe4
c5 16. bxc5 Bxc5 17. Re1 Bxe4 18. Rxe4 Ra7 19. Rxe5+ Re7 20. Rxe7+ Bxe7 21. Bb2
Nbd7 22. Rd1 Qc7 23. Ba4 O-O 24. Bxf6 Nxf6 25. Qe2 Rd8 26. c3 Rxd1+ 27. Bxd1 Nd5
28. Nf3 a5 29. c4 Nf4 30. Qe4 Qd6 31. Nc3 Nd3 32. Nd5 Nc5 33. Qxe7 Qxe7 34.
Nxe7+ Kf8 35. Nc6 a4 36. Nb4 a3 37. Na2 Ke7 38. Nd4 Kd6 39. Nb5+ Kc6 40. Nb4+
Kb6 41. Nxa3 Nd3 42. Nxd3 1-0

[Event "Challenge"]
[Site "http://www.queenalice.com/game.php?id=1539989"]
[Date "2018.8.24"]
[Round "-"]
[White "Tonto"]
[Black "onfs2"]
[Result "0-1"]
[WhiteElo "1984"]
[BlackElo "2058"]

1. Nf3 d5 2. d4 Nc6 3. h3 e6 4. Bf4 Bd6 5. Bxd6 Qxd6 6. Nc3 a6 7. e3 Nf6 8. Be2
Bd7 9. Ng5 h6 10. Nf3 Ne4 11. Nxe4 dxe4 12. Nd2 Qd5 13. c4 Qf5 14. Qc2 Qg6 15.
Qxe4 f5 16. Qf3 O-O 17. d5 Nb4 18. O-O exd5 19. cxd5 Kh8 20. d6 Bc6 21. Qg3 Qxd6
22. Qxd6 cxd6 23. Nc4 Bb5 24. a3 Nd5 25. b3 Bxc4 26. bxc4 Nf6 27. Bf3 Rab8 28.
Rad1 Rfd8 29. g4 fxg4 30. hxg4 g5 31. Rd4 b5 32. c5 dxc5 33. Rxd8+ Rxd8 34. Bb7
a5 35. Rc1 b4 36. axb4 cxb4 37. f3 b3 38. Bc6 b2 39. Rf1 Rc8 40. Rb1 Rb8 41. e4
Ng8 42. Bd5 a4 43. Ba2 a3 44. Rd1 Rc8 45. Kg2 Rc1 46. Rd3 Ra1 47. Rxa3 Rxa2 48.
Rxa2 b1=Q 49. Rf2 Nf6 50. Re2 Qb5 51. Kf2 Qe5 52. Re3 Qf4 53. Ke2 Nd7 54. Rc3
Ne5 55. Rb3 Nc4 56. Rd3 Qh2+ 57. Kd1 Nb2+ 0-1

[Event "Challenge"]
[Site "http://www.queenalice.com/game.php?id=1539998"]
[Date "2018.8.24"]
[Round "-"]
[White "onfs2"]
[Black "jcso"]
[Result "1-0"]
[WhiteElo "2016"]
[BlackElo "2020"]

1. e4 e5 2. Bc4 Nc6 3. Nc3 Qf6 4. Nd5 Qd6 5. Qf3 Nf6 6. Ne2 Nd4 7. Nxd4 exd4 8.
d3 Be7 9. O-O Nxd5 10. exd5 O-O 11. Qg4 c5 12. Bf4 Qf6 13. Rfe1 d6 14. Qg3 Bd8
15. Bxd6 Ba5 16. Re2 Rd8 17. Be7 Qb6 18. Bxd8 Qxd8 19. d6 Bd7 20. Re7 Qf8 21.
Rxd7 Kh8 22. Rxf7 Qg8 23. Rxb7 Qf8 24. Bd5 Rd8 25. Rf7 Qg8 26. d7 h5 27. Qg5 g6
28. Qh6+ 1-0

[Event "Challenge"]
[Site "http://www.queenalice.com/game.php?id=1539999"]
[Date "2018.8.24"]
[Round "-"]
[White "jcso"]
[Black "onfs2"]
[Result "1-0"]
[WhiteElo "2004"]
[BlackElo "2026"]

1. e4 e5 2. Nf3 Nc6 3. Bb5 Bc5 4. Nc3 a6 5. Bxc6 dxc6 6. O-O Bg4 7. d3 Qf6 8.
Bg5 Qg6 9. h4 Qh5 10. Kh2 f6 11. Be3 Be7 12. Rh1 g5 13. Kg1 gxh4 14. Rxh4 Bxf3
15. Rxh5 Bxd1 16. Rxd1 Bb4 17. Ne2 O-O-O 18. c3 Ba5 19. b4 Bb6 20. Bxb6 cxb6 21.
a4 a5 22. f4 Re8 23. f5 h6 24. d4 Rd8 25. d5 cxd5 26. exd5 Rd6 27. Rh4 Ne7 28.
bxa5 bxa5 29. Rc4+ Kb8 30. Rc5 b6 31. Rb5 h5 32. Ng3 Kc7 33. c4 Nc8 34. c5 bxc5
35. Rxc5+ Kb6 36. Rb5+ Ka6 37. Ne4 Rb6 38. Nc5+ Ka7 39. Rxa5+ 1-0

[Event "Challenge"]
[Site "http://www.queenalice.com/game.php?id=1540000"]
[Date "2018.8.24"]
[Round "-"]
[White "onfs2"]
[Black "Josecarlos"]
[Result "1-0"]
[WhiteElo "2051"]
[BlackElo "2007"]

1. e4 e5 2. Bc4 h6 3. Nf3 d6 4. Nc3 Nf6 5. d3 c6 6. h3 Be7 7. O-O a5 8. a4 O-O
9. Be3 Na6 10. d4 Nb4 11. dxe5 dxe5 12. Qe2 Bd6 13. Rfd1 Qc7 14. Nh4 Re8 15. Rd2
Be6 16. Bxe6 Rxe6 17. Nf5 Nh7 18. Rad1 Rd8 19. Nb1 g5 20. Na3 Kf8 21. Nc4 Nf6
22. Bb6 Qb8 23. Bxd8 Qxd8 24. Ncxd6 Qb6 25. Nc4 Qc5 26. Ncd6 b6 27. Nb7 Qe7 28.
Nxe7 Rxe7 29. Nd8 c5 30. c3 Na6 31. Nc6 Re6 32. Qxa6 Rxc6 33. Qa8+ Kg7 34. Qxc6
Nxe4 35. Qxe4 f6 36. Rd7+ 1-0

[Event "Challenge"]
[Site "http://www.queenalice.com/game.php?id=1540001"]
[Date "2018.8.24"]
[Round "-"]
[White "Josecarlos"]
[Black "onfs2"]
[Result "0-1"]
[WhiteElo "2007"]
[BlackElo "2007"]

1. e4 e5 2. Nf3 d6 3. Nc3 Nf6 4. Bc4 Bg4 5. d3 Be7 6. O-O c6 7. h3 Bxf3 8. Qxf3
O-O 9. Be3 b5 10. Bb3 b4 11. Ne2 Nbd7 12. a3 bxa3 13. bxa3 Nb6 14. d4 g6 15. c4
exd4 16. Bxd4 c5 17. Bc3 a5 18. a4 Nh5 19. Bb2 Bf6 20. Rab1 Nd7 21. Ng3 Nxg3 22.
Qxg3 Bxb2 23. Rxb2 Ne5 24. f4 Nc6 25. Bc2 Nd4 26. Bd1 Qf6 27. Rbf2 Kh8 28. e5
Nf5 29. Qd3 dxe5 30. fxe5 Qxe5 31. Bg4 Rad8 32. Qc2 Nd6 33. Bf3 Nf5 34. Qc1 Qe3
35. Qb2+ Qd4 36. Re1 Kg8 37. Re4 Qxb2 38. Rxb2 Nd6 39. Rf4 Rfe8 40. Bd5 Re7 41.
Rbf2 Kg7 42. h4 Nf5 43. h5 Rf8 44. g4 Ne3 45. Rd2 g5 46. Rf3 h6 47. Rg3 f5 48.
gxf5 Rxf5 49. Re2 Nxd5 50. Rb2 Nb4 51. Rd2 Rf4 52. Rc3 Rh4 53. Rh2 Ree4 54. Rf3
Rxc4 55. Rhf2 Rcf4 56. Kg2 Rxf3 57. Rxf3 Rxh5 58. Kg3 Rh4 59. Kf2 Rh2+ 0-1

[Event "Challenge"]
[Site "http://www.queenalice.com/game.php?id=1540002"]
[Date "2018.8.24"]
[Round "-"]
[White "onfs2"]
[Black "magrella"]
[Result "1-0"]
[WhiteElo "2032"]
[BlackElo "2116"]

1. e4 e5 2. Bc4 Nf6 3. d3 h6 4. Ne2 Bc5 5. Nbc3 c6 6. Be3 Bxe3 7. fxe3 Ng4 8.
Qd2 Qf6 9. O-O-O Nf2 10. Rhf1 Qh4 11. Qe1 Nxd3+ 12. Rxd3 Qxh2 13. Bxf7+ Kd8 14.
Qf2 Na6 15. Rdd1 Nc5 16. Rh1 Qxh1 17. Rxh1 d6 18. Bg6 Bg4 19. Qh4+ Kc7 20. Qxg4
Rhf8 21. b4 Nd7 22. Bf5 Rf7 23. Bxd7 Rxd7 24. b5 a5 25. b6+ Kd8 26. Qe6 1-0

[Event "Challenge"]
[Site "http://www.queenalice.com/game.php?id=1540003"]
[Date "2018.8.24"]
[Round "-"]
[White "magrella"]
[Black "onfs2"]
[Result "0-1"]
[WhiteElo "2102"]
[BlackElo "2023"]

1. d4 d5 2. Nf3 Bf5 3. e3 Bg4 4. c4 e6 5. Nc3 Bb4 6. Bd2 Nf6 7. h3 Bxf3 8. Qxf3
c6 9. Bd3 dxc4 10. Bxc4 Nbd7 11. O-O O-O 12. a3 Bxc3 13. Bxc3 Nd5 14. Bd2 Qh4
15. e4 N5b6 16. Bb3 c5 17. dxc5 Nxc5 18. Bc2 Ncd7 19. Bc3 Rac8 20. Rac1 Nc4 21.
e5 Rc7 22. Bb3 Rfc8 23. Bxc4 Qxc4 24. Qg3 Qe4 25. f4 Qf5 26. Qe3 Nb6 27. Bd4
Rxc1 28. Rxc1 h6 29. Bxb6 Rxc1+ 30. Qxc1 axb6 31. b4 g6 32. Qc4 g5 33. Qc8+ Kg7
34. fxg5 hxg5 35. Qc7 Qe4 36. Qxb6 Qxe5 37. Qa7 b5 38. Kh1 Kg6 39. Kg1 f6 40.
Qa8 Kf5 41. Qf3+ Kg6 42. Qd3+ Kh6 43. Qd1 f5 44. a4 bxa4 45. Qxa4 g4 46. Qb3 g3
47. Kf1 Qb5+ 48. Ke1 Qe5+ 49. Kd2 Qd6+ 50. Ke2 f4 51. Qc3 e5 52. b5 Kg5 53. Qc6
Qd4 54. Qc2 Qf2+ 55. Kd3 Qf1+ 56. Qe2 Qb1+ 57. Kc4 Kf6 58. h4 e4 59. Kc3 e3 60.
Kc4 Qc1+ 61. Kb4 Qd2+ 62. Qxd2 exd2 63. b6 d1=Q 64. Kc5 Qd7 65. h5 Kg5 66. Kb4
Qd5 0-1

[Event "Challenge"]
[Site "http://www.queenalice.com/game.php?id=1540049"]
[Date "2018.8.24"]
[Round "-"]
[White "onfs2"]
[Black "ivdsantacruz"]
[Result "0-1"]
[WhiteElo "2071"]
[BlackElo "2031"]

1. e4 e5 2. Nc3 Nf6 3. Nf3 Nc6 4. d4 exd4 5. Nxd4 Nxd4 6. Qxd4 c5 7. Qa4 Qe7 8.
Bg5 Qe5 9. Bxf6 Qxf6 10. Nd5 Qxb2 11. Rd1 Qe5 12. Be2 Bd6 13. Bf3 a6 14. Nb6 Rb8
15. Nc4 Qc3+ 16. Ke2 Bc7 17. Ne3 b5 18. Qb3 Qxb3 19. axb3 O-O 20. Bg4 Bb7 21. f3
d6 22. Nf5 Rbd8 23. Rd2 Rfe8 24. Kf2 g6 25. Ne3 Bb6 26. Rhd1 Bc7 27. c3 h5 28.
Bh3 f6 29. Nd5 Bxd5 30. Rxd5 Kf7 31. c4 bxc4 32. bxc4 Ke7 33. g3 a5 34. R1d3 a4
35. Ra3 Ra8 36. Bf1 Ba5 37. Bd3 Rg8 38. Bc2 Bb4 39. Rxa4 Rxa4 40. Bxa4 Ra8 41.
Bb3 Ra3 42. Rd3 g5 43. Ke2 Ke6 44. g4 hxg4 45. fxg4 Ke5 46. Kf3 Ra8 47. Rd5+ Ke6
48. Kg3 Rh8 49. h3 Bc3 50. Bc2 Be5+ 51. Kg2 Bf4 52. Rf5 Ra8 53. Bd3 Ra2+ 54. Kf3
Ra1 55. Kg2 Re1 56. h4 Re3 57. Bf1 Rg3+ 58. Kf2 Rxg4 59. hxg5 fxg5 60. Bh3 Rg3
61. Rxf4+ Rxh3 62. Rf3 Rxf3+ 63. Kxf3 Ke5 64. Kg4 Kxe4 65. Kxg5 d5 66. cxd5 Kxd5
67. Kf4 Kd4 68. Kf3 Kd3 69. Kf2 Kd2 70. Kf3 c4 71. Ke4 c3 72. Kd4 c2 73. Ke4
c1=Q 74. Kd4 Qe1 75. Kd5 Kc3 76. Kc5 Qe5+ 77. Kc6 Kc4 78. Kd7 Kc5 79. Kd8 Kc6
80. Kc8 Qc7# 0-1

[Event "Challenge"]
[Site "http://www.queenalice.com/game.php?id=1540052"]
[Date "2018.8.25"]
[Round "-"]
[White "onfs2"]
[Black "CCapivara"]
[Result "0-1"]
[WhiteElo "2063"]
[BlackElo "2217"]

1. e4 d6 2. Bc4 Nf6 3. Nc3 c6 4. Nge2 d5 5. exd5 cxd5 6. Bb5+ Nc6 7. Nd4 Bd7 8.
Bxc6 bxc6 9. Nf3 e6 10. Ne5 Bd6 11. d4 O-O 12. Bg5 c5 13. Nxd7 Qxd7 14. Bxf6
gxf6 15. O-O Rab8 16. dxc5 Bxc5 17. b3 Rfc8 18. Qf3 f5 19. Rad1 Qe7 20. Ne2 Qf6
21. c3 Kh8 22. Ng3 Rg8 23. Nh5 Qg5 24. Kh1 Rg6 25. Qh3 Rbg8 26. Qf3 Rh6 27. b4
Bd6 28. g3 Rxh5 29. Kg2 Qh6 30. Rh1 Rhg5 31. Rdg1 f4 32. a4 Qh5 33. Qxh5 Rxh5
34. a5 fxg3 35. hxg3 Rxh1 36. Rxh1 Rc8 37. b5 Rxc3 38. Rb1 Rc7 39. a6 Bc5 40.
Rc1 Bb6 41. Rc6 Rxc6 42. bxc6 e5 43. Kf3 f5 44. Ke2 Kg7 45. Kd3 Kf6 46. Kc3 Ke6
47. Kb4 Kd6 48. Kb5 Bxf2 0-1

[Event "Challenge"]
[Site "http://www.queenalice.com/game.php?id=1540053"]
[Date "2018.8.25"]
[Round "-"]
[White "CCapivara"]
[Black "onfs2"]
[Result "1-0"]
[WhiteElo "2224"]
[BlackElo "2053"]

1. e4 e5 2. f4 Nc6 3. Nf3 exf4 4. Bc4 Bc5 5. d4 Bxd4 6. Nxd4 Qh4+ 7. Kf1 Nf6 8.
Nxc6 dxc6 9. Qf3 O-O 10. Nc3 Qg4 11. Qxf4 Be6 12. Qxg4 Bxc4+ 13. Qe2 Bxe2+ 14.
Kxe2 Rfe8 15. Kf3 Re6 16. Bg5 h6 17. Bxf6 Rxf6+ 18. Ke3 Rd8 19. Rad1 Rfd6 20.
Rxd6 cxd6 21. Rd1 f6 22. Kf4 Kf7 23. g4 Ke6 24. h4 g5+ 25. hxg5 hxg5+ 26. Kf3
Rh8 27. Kg3 Ke5 28. Rf1 Ke6 29. Rf2 Rh1 30. Rh2 Rxh2 31. Kxh2 Ke5 32. Kg3 b5 33.
Kf3 a5 34. Ne2 d5 35. exd5 Kxd5 36. Ke3 b4 37. b3 c5 38. Ng3 c4 39. Ne4 cxb3 40.
axb3 Ke5 41. Nd2 f5 42. Nc4+ Kf6 43. Nxa5 fxg4 44. Nc6 Kf5 45. Nxb4 g3 46. Kf3
g2 47. Kxg2 Kf4 48. c4 g4 49. c5 1-0